000 01206nam a2200253Ia 4500
003 OSt
005 20220923213910.0
006 a|||||r|||| 00| 0
007 ta
008 220922b |||||||| |||| 00| 0 hin d
024 _a165,488
037 _cTextual
040 _aARTS
_cARTS
_bhin
041 _2hin
_ahin
082 _aO152,1N01x, K6
100 _aपन्त, सुमित्रानन्दन
245 0 _aमुक्ति यंत्र* गांधीजी के नेतृत्व में लड़े गए भारत के स्वातन् य-संग्राम से सम्बद्ध खन्ड काव्य, सावित्री सिन्हा
246 _aMukti yantra: gāandhījī ke netṛutva mean laड़e gae bhārat ke swātan.ya-sangrām se sambaddha khanḍa kāvya, sāvitrī sinhā
260 _aइलाहाबाद
_b राधाकृष्ण प्रकाशन
_c1966
300 _a86पृ.
_ccm.
650 _aहिन्दी साहित्य
_9156264
942 _hO152,1N01x, K6
_cTEXL
_2CC
999 _c319967
_d319967